000 00455cam a2200193ua 4500
001 9865
008 161004n ii |||gr||||Z||||||asm
020 _a9788176653992
040 _cMAIN
041 _aasm
082 _a891.451
100 _aBorgohain, Homen,
_eAuthor.
245 _aSarangsha
_cBy Homen Borgohain
250 _a3rd ed.
260 _aGuwahati:
_bStudents stores,
_c2012.
300 _a270p.
653 _aAsamiya prabandha
942 _cBK
999 _c8875
_d8875